Formel 1 Podium 1985 - Statistiken

Allgemein
  • Dieses Quiz wurde 62 mal gespielt
  • Das Durchschnittsergebnis liegt bei 9 aus 13
Antwortstatistiken
Antwort % Korrekt
Ayrton Senna
100%
Alain Prost
98%
Nigel Mansell
95%
Niki Lauda
95%
Nelson Piquet
89%
Keke Rosberg
80%
Michele Alboreto
73%
Elio de Angelis
52%
Jacques Laffite
45%
Thierry Boutsen
43%
Patrick Tambay
36%
Stefan Johansson
36%
Philippe Streiff
14%
Keine übereinstimmenden Quizze gefunden
Verteilung der Resultate
Anzahl Personen mit jedem Resultat
Perzentil nach korrekt beantworteten Fragen
Ihre Resultats-Entwicklung
Sie haben dieses Quiz noch nicht gespielt